Ley 30 de 1988 / (Registro nro. 15554)

Detalles MARC
000 -LEADER
fixed length control field 00659nam a22001937a 4500
003 - CONTROL NUMBER IDENTIFIER
control field OSt
005 - DATE AND TIME OF LATEST TRANSACTION
control field 20210609173443.0
008 - FIXED-LENGTH DATA ELEMENTS--GENERAL INFORMATION
fixed length control field 210609s1988 ck ||||grl|||f00| 0 spa d
040 ## - CATALOGING SOURCE
Original cataloging agency CO-JMCR
Transcribing agency CO-JMCR
041 0# - LANGUAGE CODE
Language code of text/sound track or separate title spa
082 04 - DEWEY DECIMAL CLASSIFICATION NUMBER
Classification number 333.0986 /
Item number C718l
Edition number 23
110 1# - MAIN ENTRY--CORPORATE NAME
Corporate name or jurisdiction name as entry element Colombia.
Subordinate unit Ministerio de Agricultura
9 (RLIN) 38268
245 10 - TITLE STATEMENT
Title Ley 30 de 1988 /
Remainder of title Ministerio de Agricultura. Instituto Colombiano de la Reforma Agraria INCORA
260 ## - PUBLICATION, DISTRIBUTION, ETC.
Place of publication, distribution, etc. Bogotá :
Name of publisher, distributor, etc. MinAgricultura,
Date of publication, distribution, etc. 1988
300 ## - PHYSICAL DESCRIPTION
Extent 61 páginas ;
Dimensions 22 cm.
650 14 - SUBJECT ADDED ENTRY--TOPICAL TERM
Topical term or geographic name entry element Reforma agraria
General subdivision Legislación
Geographic subdivision Colombia
9 (RLIN) 38269
650 24 - SUBJECT ADDED ENTRY--TOPICAL TERM
Topical term or geographic name entry element Política agraria
General subdivision Legislación
Geographic subdivision Colombia
9 (RLIN) 38270
942 ## - ADDED ENTRY ELEMENTS (KOHA)
Source of classification or shelving scheme Dewey Decimal Classification
Koha item type Books
Existencias
Withdrawn status Lost status Source of classification or shelving scheme Damaged status Not for loan Collection code Home library Current library Date acquired Source of acquisition Total Checkouts Full call number Barcode Date last seen Copy number Price effective from Koha item type
    Dewey Decimal Classification     Non-fiction Biblioteca Pública José María del Castillo y Rada Biblioteca Pública José María del Castillo y Rada 04/15/2018 Donación   333.0986 / C718l 430003562 05/16/2024 Ej.1 06/09/2021 Books